000 00438nam a2200169Ia 4500
008 170705s9999 xx 000 0 und d
020 _a9780439640213
245 _aK is for kissing a cool kangaroo /
245 _cby Giles Andreae ; illustrated by Guy Parker-Rees.
260 _aNew York :
260 _bScholastic,
260 _c2002
300 _aunpaged :
300 _bcolor illustration ;
300 _c28cm.
500 _aBR
999 _c337321
_d337321